000 00434nam a2200181Ia 4500
005 20220531111034.0
008 131103s9999 xx 000 0 und d
040 _aLoreto College
041 _aEnglish
082 _aF
_bKAY
100 _aKaye,M.M.
245 _aDeath in Berlin
_cM.M.Kaye
260 _aHarmondsworth
_bPenguin Books
_c1955
300 _a255 p.
650 _aFiction in English
850 _aLCLIB
942 _cBK
999 _c14673
_d65152